000 01038aam a2200337 i 4500
001 768714001
003 CO-MdFUSB
005 20251002123848.0
007 ta
008 160901t1975 xxu||||| |||| 00| 0 eng d
020 _a0-8006-1374-0
040 _aCO-MdFUSB
_bEspañol
_cCO-MdFUSB
_dCO-MdFUSB
_erda
041 _aeng
082 _224
_a220.13
_bK29u
100 1 _aKelsey, David H.
_eautor
245 0 4 _aThe uses of Scripture in recent theology
_c/ David H. Kelsey
264 4 _aPhiladelphia, Pennsylvania :
_b Fortress Press,
_c[1975]
264 4 _c©1975
300 _a227 páginas
336 _2rdacontent
_atexto
_btxt
337 _2rdamedia
_asin mediación
_bn
338 _2rdacarrier
_avolumen
_bnc
500 _aIncluye índice (p. 225-227) Rústico
505 _aInterpretando el texto - Usando el texto - La Teología y las Escrituras -- Doctrina.
563 _aPasta dura
653 _aSagrada Escritura
653 _aTeología - Doctrina
942 _cBK
945 _aJTF-925
999 _c46864
_d46864